000 01862nam a22002057a 4500
005 20240315151801.0
008 240301b ||||| |||| 00| 0 eng d
020 _a9780367242480
040 _cAL
041 _aeng
082 _223
_a777.55
_bWADE
100 _aChris Wadsworth
_9152505
245 _aEditor's Toolkit
_b: a hands-on guide to the craft of film and TV editing
260 _aNew York
_bFocal Press
_c2019
300 _axiv,252p.
_bPB
_c21.5x28cm.
365 _2General
_a7739
_b₹1244.00
_c
_d₹1595.00
_e22%
_f15-02-2024
520 _aThe Editor's Toolkit: A Hands-On Guide to the Craft of Film and TV Editing is a tutorial-based introduction to the craft of editing. Today's process of media editing is fast and competitive, making this guide a necessity for anyone looking to break into the business. Here, Chris Wadsworth provides 52 media-based examples for you to put together, with the benefit of seeing what he did with those same exercises, giving you essential feedback to improve your technique and learn the tricks of the trade. Accessible and to-the-point, the primer is a must-read for anyone looking to learn both the art and technique of editing. This 4-color guide features: Examples from the world of film and TV that show how even the greatest directors employ the same techniques in their productions that are mentioned in this guide A look at CV’s and the right attitudes that will give you the best chance at breaking into the editing world Intensive sections about the way music and sound editing can shape the entire production A companion website featuring video and other media that you can edit on your own, each featuring examples of cuts and techniques discussed in the book as well as a discussion forum.
650 _2Cinematography and Videography
_aEditing and Post Production
_9152506
942 _2ddc
_cBK
999 _c229937
_d229937